000 00834nam a2200265 i 4500
001 36931
003 ES-MaACL
005 20231108141408.0
007 t|
008 141009s2013 sp ||||1| eng d
020 _a978-84-92937-50-9
080 _a574:519.22
100 1 _aGreenacre, Michael J.
_9144369
245 1 0 _aMultivariate analysis of ecological data /
_cMichael Greenacre, Raul Primicerio.
250 _a1st. ed.
260 _aBilbao :
_bFundación BBVA,
_c2013.
300 _a331 p. :
_bil. col. y n., gráf. ;
_c24 cm.
504 _aBibliografía: p. 293-301. Índice.
650 0 4 _aEcología.
_911995
700 1 _aPrimicerio, Raul.
_9155691
852 _aES-MaACL
_jA-13266
_938273
_bR.150055
_cDEPO1
_dOlim: N-6266
942 _2udc
_cMONOGRAFIA
999 _c36931
_d36931